[Event "30th Klatovy B 2024"]
[Site "Klatovy CZE"]
[Date "2024.07.03"]
[Round "5.25"]
[White "Vasko, Pavel"]
[Black "Dobsinsky, Petr"]
[Result "1-0"]
[WhiteElo "1655"]
[BlackElo "1504"]
[PlyCount "67"]
[EventDate "2024.06.29"]
[EventType "swiss"]
[EventRounds "9"]
[EventCountry "CZE"]

1. e4 d6 2. d4 Nf6 3. Nc3 Nbd7 4. Nf3 e5 5. dxe5 Nxe5 6. Nxe5 dxe5 7. Qxd8+ Kxd8 8. Bg5 c6 9. O-O-O+ Kc7 10. Bc4 Be6 11. Bxe6 fxe6 12. Rd3 Ng4 13. Rf3 Nh6 14. Rd1 Bb4 15. Bxh6 gxh6 16. Rf7+ Kb6 17. Rdd7 Rab8 18. Ne2 Bf8 19. Ng1 Bc5 20. c3 Bf8 21. Nf3 c5 22. Nxe5 a6 23. b3 Rg8 24. g3 Rg5 25. Nc4+ Kc6 26. Na5+ Kb6 27. Nxb7 Rg7 28. Rxg7 Bxg7 29. Rxg7 Rxb7 30. Rxb7+ Kxb7 31. Kd2 Kc6 32. Ke3 Kd7 33. Kf4 Ke7 34. Ke5 1-0

[Event "30th Klatovy B 2024"]
[Site "Klatovy CZE"]
[Date "2024.07.03"]
[Round "5.26"]
[White "Koukola, Stepan"]
[Black "Cervenka, Jakub"]
[Result "1/2-1/2"]
[WhiteElo "1470"]
[BlackElo "1638"]
[PlyCount "73"]
[EventDate "2024.06.29"]
[EventType "swiss"]
[EventRounds "9"]
[EventCountry "CZE"]

1. e4 d5 2. exd5 Qxd5 3. Nc3 Qa5 4. d4 c6 5. Bc4 Bf5 6. Nf3 Nf6 7. O-O e6 8. Bd2 Qc7 9. Re1 Bd6 10. Ne5 Nbd7 11. Bf4 Ng4 12. Nxg4 Bxf4 13. h3 O-O 14. Bd3 Bg6 15. Ne3 Nf6 16. Bxg6 hxg6 17. Qf3 Rad8 18. Rad1 Rd7 19. Ne4 Nxe4 20. Qxe4 Bxe3 21. Rxe3 Rfd8 22. c3 c5 23. Red3 cxd4 24. Rxd4 Kf8 25. Qh4 Rxd4 26. Rxd4 Rxd4 27. Qxd4 Qb6 28. Qxb6 axb6 29. Kf1 Ke7 30. Ke2 Kd6 31. Kd3 Kd5 32. c4+ Kc5 33. a3 e5 34. b4+ Kd6 35. Ke3 g5 36. Kf3 f5 37. g4 1/2-1/2

[Event "30th Klatovy B 2024"]
[Site "Klatovy CZE"]
[Date "2024.07.03"]
[Round "5.27"]
[White "Stepnicka, Filip"]
[Black "Krivka, Lukas"]
[Result "0-1"]
[WhiteElo "1434"]
[BlackElo "1587"]
[PlyCount "132"]
[EventDate "2024.06.29"]
[EventType "swiss"]
[EventRounds "9"]
[EventCountry "CZE"]

1. e4 c6 2. d4 d5 3. exd5 cxd5 4. c4 e6 5. Nc3 Nf6 6. Nf3 Nc6 7. Bg5 Be7 8. cxd5 Nxd5 9. Bxe7 Qxe7 10. Bc4 Nxc3 11. bxc3 O-O 12. O-O Bd7 13. Re1 Na5 14. Bd3 Rac8 15. Qc2 h6 16. Rad1 Qa3 17. Rc1 Ba4 18. Qd2 Nc4 19. Bxc4 Rxc4 20. Ne5 Rc7 21. Re3 Qd6 22. Rg3 Kh8 23. Qf4 Qe7 24. Rf3 Kg8 25. Rg3 Kh8 26. Re1 Bc2 27. Re2 Bf5 28. Ng4 Bxg4 29. Rxg4 Rxc3 30. h3 Qc7 31. Qxc7 Rxc7 32. Rf4 Rc1+ 33. Kh2 Kg8 34. Rb2 b6 35. Rf3 Rc4 36. Ra3 Rc7 37. Kg3 Rfc8 38. f3 Kf8 39. Kf4 Ke7 40. g4 f6 41. Ke4 Kd6 42. f4 Rd7 43. h4 Rc4 44. Ra6 Ke7 45. Rd2 Rc3 46. Rd3 Rxd3 47. Kxd3 e5 48. fxe5 fxe5 49. Ra4 Rxd4+ 50. Rxd4 exd4 51. Kxd4 Kd6 52. h5 a6 53. Kc4 Ke5 54. a3 Kf4 55. a4 b5+ 56. axb5 axb5+ 57. Kxb5 Kxg4 58. Kc4 Kxh5 59. Kd3 g5 60. Ke2 Kg4 61. Kf2 Kh3 62. Kg1 Kg3 63. Kh1 g4 64. Kg1 h5 65. Kh1 Kf2 66. Kh2 g3+ 0-1

[Event "30th Klatovy B 2024"]
[Site "Klatovy CZE"]
[Date "2024.07.03"]
[Round "5.28"]
[White "Kolman, Pavel Petr 2007"]
[Black "Tereshonkov, Stanislav"]
[Result "1-0"]
[WhiteElo "1582"]
[BlackElo "1413"]
[PlyCount "49"]
[EventDate "2024.06.29"]
[EventType "swiss"]
[EventRounds "9"]
[EventCountry "CZE"]

1. e4 e5 2. Nf3 Nc6 3. d4 d6 4. dxe5 dxe5 5. Qxd8+ Kxd8 6. Nc3 Nf6 7. Bg5 Be7 8. O-O-O+ Ke8 9. Nd5 Nxd5 10. exd5 Bxg5+ 11. Nxg5 Ne7 12. Bb5+ c6 13. dxc6 Nxc6 14. Rhe1 f6 15. Ne4 a6 16. Bxc6+ bxc6 17. Nd6+ Ke7 18. f4 Ke6 19. Nc4 Bb7 20. fxe5 f5 21. Rd6+ Ke7 22. Na5 Ra7 23. Red1 Rb8 24. Rd7+ Ke6 25. Nxc6 1-0

[Event "30th Klatovy B 2024"]
[Site "Klatovy CZE"]
[Date "2024.07.03"]
[Round "5.32"]
[White "Deverova, Tereza 1992"]
[Black "Strazhnyk, Viktoriia"]
[Result "0-1"]
[WhiteElo "1489"]
[BlackElo "1609"]
[PlyCount "50"]
[EventDate "2024.06.29"]
[EventType "swiss"]
[EventRounds "9"]
[EventCountry "CZE"]

1. d4 Nf6 2. Nf3 g6 3. c4 Bg7 4. Bf4 d6 5. Nc3 O-O 6. h3 Nbd7 7. e3 c5 8. Qd2 cxd4 9. exd4 e5 10. dxe5 dxe5 11. Bh6 e4 12. Nh2 Bxh6 13. Qxh6 Re8 14. O-O-O Qb6 15. Ng4 a5 16. Be2 a4 17. h4 a3 18. b3 Nxg4 19. Bxg4 Qxf2 20. Rd2 Qg3 21. Bxd7 Qxc3+ 22. Kb1 Bxd7 23. Rc1 Qf6 24. Re1 Bf5 25. Ree2 Rad8 0-1

[Event "30th Klatovy B 2024"]
[Site "Klatovy CZE"]
[Date "2024.07.03"]
[Round "5.33"]
[White "Vanousek, Zdenek"]
[Black "Kvaca, Frantisek"]
[Result "0-1"]
[WhiteElo "1406"]
[BlackElo "1558"]
[PlyCount "60"]
[EventDate "2024.06.29"]
[EventType "swiss"]
[EventRounds "9"]
[EventCountry "CZE"]

1. e4 c5 2. Nf3 Nc6 3. Bc4 e6 4. Nc3 a6 5. a3 g6 6. d4 cxd4 7. Nxd4 Bc5 8. Be3 Bxd4 9. Bxd4 Nxd4 10. Qxd4 Qf6 11. O-O-O Qxd4 12. Rxd4 Ne7 13. Rhd1 h5 14. Bb3 Ra7 15. a4 Nc6 16. Rd6 b5 17. Ne2 Rc7 18. Nd4 Na5 19. Ba2 O-O 20. f4 Bb7 21. Re1 Rfc8 22. Bb1 Nc4 23. Nxe6 dxe6 24. Rd4 a5 25. g4 Nb6 26. b4 Rc4 27. Rd6 R4c6 28. Rd4 Nxa4 29. f5 Nc5 30. h4 Nb3+ 0-1

[Event "30th Klatovy B 2024"]
[Site "Klatovy CZE"]
[Date "2024.07.04"]
[Round "6.3"]
[White "Rudlof, Jan 2006"]
[Black "Chmelik, Ladislav"]
[Result "1-0"]
[WhiteElo "1599"]
[BlackElo "1795"]
[PlyCount "101"]
[EventDate "2024.06.29"]
[EventType "swiss"]
[EventRounds "9"]
[EventCountry "CZE"]

1. e4 {[%emt 0:00:31]} c5 {[%emt 0:00:07]} 2. Nf3 {[%emt 0:00:23]} Nc6 {[%emt 0:00:06]} 3. Nc3 {[%emt 0:02:02]} d6 {[%emt 0:00:54]} 4. d4 {[%emt 0:02:09]} cxd4 {[%emt 0:00:06]} 5. Nxd4 {[%emt 0:00:17]} Nf6 {[%emt 0:00:36]} 6. Nxc6 {[%emt 0:02:08]} bxc6 {[%emt 0:03:50]} 7. Bf4 {[%emt 0:03:11]} e5 {[%emt 0:01:16]} 8. Bg3 {[%emt 0:02:16]} Qb6 {[%emt 0:02:42]} 9. Rb1 {[%emt 0:04:06]} Be7 {[%emt 0:04:51]} 10. Bd3 {[%emt 0:02:48]} O-O {[%emt 0:00:16]} 11. O-O {[%emt 0:00:26]} Be6 {[%emt 0:06:40]} 12. h3 {[%emt 0:07:32]} Nd7 {[%emt 0:21:51]} 13. Re1 {[%emt 0:13:56]} Nc5 {[%emt 0:04:25]} 14. Be2 {[%emt 0:07:30]} f5 {[%emt 0:04:47]} 15. exf5 {[%emt 0:04:42]} Bxf5 {[%emt 0:03:47]} 16. Bg4 {[%emt 0:03:37]} Rad8 {[%emt 0:04:56]} 17. Bxf5 {[%emt 0:05:45]} Rxf5 {[%emt 0:00:08]} 18. Kh1 {[%emt 0:15:45]} Ne6 {[%emt 0:06:42]} 19. f3 {[%emt 0:14:05]} Kh8 {[%emt 0:07:24]} 20. Qd3 {[%emt 0:04:33]} Rdf8 {[%emt 0:01:08]} 21. Bh2 {[%emt 0:05:22]} Nf4 {[%emt 0:09:42]} 22. Bxf4 {[%emt 0:01:25]} Rxf4 {[%emt 0:00:11]} 23. Qe3 {[%emt 0:02:11]} Qc7 {[%emt 0:04:30]} 24. Rbd1 {[%emt 0:10:40]} Qc8 {[%emt 0:01:25]} 25. Qxa7 {[%emt 0:02:40]} Bh4 {[%emt 0:02:39]} 26. Re4 {[%emt 0:06:00]} Rxe4 {[%emt 0:02:33]} 27. Nxe4 {[%emt 0:01:05]} d5 {[%emt 0:01:30]} 28. Nd6 {[%emt 0:03:19]} Qe6 {[%emt 0:01:44]} 29. Nb7 {[%emt 0:01:44]} Kg8 {[%emt 0:08:15]} 30. Nc5 {[%emt 0:01:00]} Qc8 {[%emt 0:00:48]} 31. Qd7 {[%emt 0:00:46]} Qa8 {[%emt 0:02:55]} 32. Qe6+ {[%emt 0:01:39]} Kh8 {[%emt 0:00:07]} 33. Qxe5 {[%emt 0:00:27]} Bf6 {[%emt 0:00:59]} 34. Qd6 {[%emt 0:00:52]} Bxb2 {[%emt 0:00:12]} 35. Rb1 {[%emt 0:00:25]} Ba3 {[%emt 0:00:45]} 36. Rb3 {[%emt 0:00:38]} Rg8 {[%emt 0:00:52]} 37. Rb6 {[%emt 0:00:29]} Rc8 {[%emt 0:02:30]} 38. Rb3 {[%emt 0:00:34]} Rd8 {[%emt 0:03:08]} 39. Qe7 {[%emt 0:00:31]} Re8 {[%emt 0:01:51]} 40. Qd6 {[%emt 0:00:15]} h6 {[%emt 0:01:59]} 41. Rb6 {[%emt 0:00:43]} Rc8 {[%emt 0:02:13]} 42. Rb3 {[%emt 0:00:12]} Rd8 {[%emt 0:00:36]} 43. Qe7 {[%emt 0:00:27]} Re8 {[%emt 0:00:07]} 44. Rxa3 {[%emt 0:00:36]} Qb8 {[%emt 0:00:36]} 45. Rb3 {[%emt 0:00:22]} Qc8 {[%emt 0:01:25]} 46. Qd7 {[%emt 0:00:16]} Re1+ {[%emt 0:00:22]} 47. Kh2 {[%emt 0:00:15]} Qf8 {[%emt 0:00:09]} 48. Ne6 {[%emt 0:00:50]} Qf6 {[%emt 0:00:37]} 49. Qe8+ {[%emt 0:00:34]} Kh7 {[%emt 0:00:39]} 50. Ng5+ {[%emt 0:00:21]} Qxg5 {[%emt 0:02:00]} 51. Qxe1 {[%emt 0:00:04]} 1-0

[Event "30th Klatovy B 2024"]
[Site "Klatovy CZE"]
[Date "2024.07.04"]
[Round "6.15"]
[White "Krivka, Lukas"]
[Black "Vo, Daniel"]
[Result "0-1"]
[WhiteElo "1587"]
[BlackElo "1705"]
[PlyCount "104"]
[EventDate "2024.06.29"]
[EventType "swiss"]
[EventRounds "9"]
[EventCountry "CZE"]

1. d4 d5 2. Nf3 Nf6 3. Bf4 c5 4. c3 Nc6 5. e3 e6 6. Be2 Bd6 7. Bxd6 Qxd6 8. O-O O-O 9. Qc2 b6 10. Nbd2 Bb7 11. Rfe1 Rac8 12. e4 cxd4 13. exd5 Nxd5 14. c4 Ndb4 15. Qb1 d3 16. Bd1 Nd4 17. Nxd4 Qxd4 18. a3 Nc6 19. Re4 Qd6 20. Rh4 Nd4 21. Ne4 Qe7 22. g3 Rfd8 23. Nd2 e5 24. Nb3 Nf3+ 25. Bxf3 Bxf3 26. Nd2 Bb7 27. Qe1 f5 28. Qe3 f4 29. Rxf4 Qc7 30. Rf5 e4 31. Rf4 Re8 32. Re1 Qe5 33. b3 h5 34. Rh4 Qf5 35. Qf4 Qa5 36. Qe3 Rf8 37. a4 Rf5 38. Rf4 Re5 39. Rh4 Rf8 40. Rf4 Rfe8 41. Rh4 Bc8 42. Rd1 Bg4 43. Re1 g5 44. Rxg4 hxg4 45. Kg2 Rf5 46. Rh1 Rf3 47. Qe1 e3 48. Nxf3 gxf3+ 49. Kxf3 Rf8+ 50. Kg2 Rxf2+ 51. Qxf2 exf2 52. Kxf2 Qd2+ 0-1

[Event "30th Klatovy B 2024"]
[Site "Klatovy CZE"]
[Date "2024.07.04"]
[Round "6.16"]
[White "Velkoborsky, Tadeas"]
[Black "Svejdar, Petr"]
[Result "1-0"]
[WhiteElo "1578"]
[BlackElo "1695"]
[PlyCount "59"]
[EventDate "2024.06.29"]
[EventType "swiss"]
[EventRounds "9"]
[EventCountry "CZE"]

1. e4 e5 2. Nf3 Nc6 3. d4 exd4 4. Nxd4 Bc5 5. Be3 Qf6 6. c3 b6 7. Bb5 Bb7 8. Qd2 h6 9. Nxc6 Bxe3 10. Qxe3 Bxc6 11. Bxc6 Qxc6 12. O-O Nf6 13. Qg3 O-O 14. Nd2 Rfe8 15. Rfe1 Re6 16. Rad1 Rae8 17. f3 Nh5 18. Qh4 Qc5+ 19. Kh1 Rg6 20. Nb3 Qg5 21. Qxg5 Rxg5 22. Rxd7 Nf4 23. g3 Ne6 24. Nd4 Rd8 25. Rxd8+ Nxd8 26. Nf5 Kf8 27. Rd1 Ne6 28. h4 Rg6 29. h5 Rf6 30. g4 1-0

[Event "30th Klatovy B 2024"]
[Site "Klatovy CZE"]
[Date "2024.07.04"]
[Round "6.17"]
[White "Mlynek, Jakub"]
[Black "Kolman, Pavel Petr 2007"]
[Result "0-1"]
[WhiteElo "1694"]
[BlackElo "1582"]
[PlyCount "66"]
[EventDate "2024.06.29"]
[EventType "swiss"]
[EventRounds "9"]
[EventCountry "CZE"]

1. e4 e5 2. Nf3 Nc6 3. d4 exd4 4. Nxd4 Bc5 5. Nb3 Bb6 6. Nc3 d6 7. Qe2 Be6 8. Be3 Qd7 9. O-O-O O-O-O 10. h3 Re8 11. f4 f6 12. g3 h5 13. Bg2 Kb8 14. Kb1 Nh6 15. Qf2 Qf7 16. Bxb6 axb6 17. Rhe1 f5 18. Nd4 Nxd4 19. Qxd4 fxe4 20. Rxe4 Nf5 21. Qf2 Ne7 22. Qf3 Nc6 23. b4 Bc8 24. a3 Rxe4 25. Nxe4 g6 26. Ng5 Qf5 27. Qc3 Re8 28. Rd5 Qf8 29. Be4 Be6 30. Nxe6 Rxe6 31. Qd3 Qe8 32. Bf3 Re3 33. Qd1 Re1 0-1

[Event "30th Klatovy B 2024"]
[Site "Klatovy CZE"]
[Date "2024.07.04"]
[Round "6.18"]
[White "Kroulik, Stepan"]
[Black "Stegner, Mathias 2007"]
[Result "1/2-1/2"]
[WhiteElo "1688"]
[BlackElo "1566"]
[PlyCount "76"]
[EventDate "2024.06.29"]
[EventType "swiss"]
[EventRounds "9"]
[EventCountry "CZE"]

1. e4 g6 2. d4 Bg7 3. Be3 d6 4. c3 Nf6 5. Nd2 O-O 6. Bd3 Ng4 7. Qe2 Nxe3 8. Qxe3 Nd7 9. Ngf3 c5 10. h4 cxd4 11. Nxd4 Qb6 12. O-O-O Ne5 13. Be2 h5 14. f4 Ng4 15. Bxg4 Bxg4 16. N2f3 Rac8 17. Rd3 Rc7 18. f5 Bxf3 19. gxf3 Bxd4 20. Qxd4 Qxd4 21. Rxd4 Kh7 22. f6 exf6 23. Rxd6 Kg7 24. Kd2 Re8 25. Rb1 Ree7 26. Rd5 Rcd7 27. c4 Kh6 28. Ke3 Rc7 29. Kd4 Re8 30. b4 Rec8 31. c5 b6 32. f4 Kh7 33. a4 a5 34. cxb6 Rc4+ 35. Ke3 Rxb4 36. Rxa5 Rcc4 37. Ra7 Rxe4+ 38. Kd3 Red4+ 1/2-1/2

[Event "30th Klatovy B 2024"]
[Site "Klatovy CZE"]
[Date "2024.07.04"]
[Round "6.19"]
[White "Bubela, Alexander Georg"]
[Black "Bukvaj, Martin"]
[Result "0-1"]
[WhiteElo "1549"]
[BlackElo "1687"]
[PlyCount "106"]
[EventDate "2024.06.29"]
[EventType "swiss"]
[EventRounds "9"]
[EventCountry "CZE"]

1. d4 Nf6 2. c4 g6 3. Nc3 Bg7 4. e4 d6 5. f3 O-O 6. Be3 e5 7. Nge2 exd4 8. Nxd4 Nbd7 9. Be2 Re8 10. O-O a5 11. Ndb5 b6 12. Qd2 Ne5 13. Bg5 Be6 14. Nd5 Bxd5 15. cxd5 Ned7 16. Nd4 Nxe4 17. fxe4 Bxd4+ 18. Kh1 Bf6 19. Rxf6 Nxf6 20. Qf4 Rxe4 21. Qf3 Rxe2 22. Qxe2 Qe8 23. Qxe8+ Nxe8 24. Re1 f6 25. Bh6 Kf7 26. g4 Rd8 27. Kg2 Rd7 28. Kf3 Re7 29. Rxe7+ Kxe7 30. Ke4 Kf7 31. h4 Ng7 32. Kf4 Ne8 33. a4 Ke7 34. Ke4 Kf7 35. Kf4 f5 36. gxf5 Nf6 37. fxg6+ Kxg6 38. Bg5 Nxd5+ 39. Ke4 Nf6+ 40. Kd4 c5+ 41. Kc4 Kf5 42. Kb5 Nd7 43. Kc6 Ke6 44. b3 d5 45. Kc7 d4 46. Kc6 d3 47. Bd2 h5 48. Bg5 Ne5+ 49. Kxb6 c4 50. bxc4 Nxc4+ 51. Kb5 Kd5 52. Bh6 Kd4 53. Bf4 Ne3 0-1

[Event "30th Klatovy B 2024"]
[Site "Klatovy CZE"]
[Date "2024.07.04"]
[Round "6.20"]
[White "Babicky, Jan 2009"]
[Black "Stanke, Petr"]
[Result "0-1"]
[WhiteElo "1542"]
[BlackElo "1683"]
[PlyCount "50"]
[EventDate "2024.06.29"]
[EventType "swiss"]
[EventRounds "9"]
[EventCountry "CZE"]

1. e4 e6 2. d4 d5 3. Nc3 Nf6 4. e5 Nfd7 5. Qg4 c5 6. Be3 Nc6 7. Nf3 cxd4 8. Bxd4 Nxd4 9. Qxd4 Bc5 10. Qg4 Qb6 11. O-O-O O-O 12. Bd3 f5 13. Qh5 Bxf2 14. Kb1 d4 15. Ne4 Be3 16. g4 g6 17. Qh4 fxe4 18. Bxe4 Nc5 19. g5 Nxe4 20. Qxe4 Rf4 21. Qd3 Rxf3 22. h4 Bc1 23. Qxd4 Qxd4 24. Rxd4 Be3 25. Rd8+ Rf8 0-1

[Event "30th Klatovy B 2024"]
[Site "Klatovy CZE"]
[Date "2024.07.04"]
[Round "6.21"]
[White "Cervenka, Jakub"]
[Black "Rezac, Jindrich"]
[Result "1/2-1/2"]
[WhiteElo "1638"]
[BlackElo "1875"]
[PlyCount "40"]
[EventDate "2024.06.29"]
[EventType "swiss"]
[EventRounds "9"]
[EventCountry "CZE"]

1. e4 c5 2. Nf3 Nc6 3. d4 cxd4 4. Nxd4 Nf6 5. Nc3 d6 6. Be2 g6 7. Be3 Bg7 8. Qd2 Nxd4 9. Bxd4 O-O 10. O-O Bd7 11. Be3 a6 12. Bh6 Qb6 13. Bxg7 Kxg7 14. Rab1 Rac8 15. Nd5 Nxd5 16. exd5 Bf5 17. Rfc1 Rc7 18. b3 Rfc8 19. Rb2 Rc3 20. Bc4 R3xc4 1/2-1/2

[Event "30th Klatovy B 2024"]
[Site "Klatovy CZE"]
[Date "2024.07.04"]
[Round "6.22"]
[White "Rektor, David"]
[Black "Marko, Ondrej 1960"]
[Result "1-0"]
[WhiteElo "1625"]
[BlackElo "1786"]
[PlyCount "87"]
[EventDate "2024.06.29"]
[EventType "swiss"]
[EventRounds "9"]
[EventCountry "CZE"]

1. e4 d6 2. d4 Nf6 3. f3 Nbd7 4. Nc3 e5 5. Bc4 exd4 6. Qxd4 c6 7. Bf4 d5 8. exd5 Bc5 9. Qd2 O-O 10. O-O-O Re8 11. Nge2 h6 12. Rhe1 Nb6 13. Bb3 Nh5 14. dxc6 Qxd2+ 15. Bxd2 bxc6 16. Nf4 Rxe1 17. Rxe1 Nxf4 18. Bxf4 Ba6 19. Ne4 Bf8 20. Bd6 Bc4 21. Bxc4 Nxc4 22. Bxf8 Kxf8 23. b3 Nb6 24. Rd1 Ke7 25. Kb2 Nd5 26. Rd4 Rc8 27. Ra4 Rc7 28. Nc3 f5 29. Nxd5+ cxd5 30. Ra5 Ke6 31. f4 Rd7 32. Rc5 Kd6 33. b4 Re7 34. Ra5 Kc6 35. Rc5+ Kd6 36. Ra5 Kc6 37. a4 Kd6 38. Ra6+ Kc7 39. Rxa7+ Kd8 40. Rxe7 Kxe7 41. a5 Kd6 42. b5 Kc5 43. b6 Kc6 44. Kc3 1-0

[Event "30th Klatovy B 2024"]
[Site "Klatovy CZE"]
[Date "2024.07.04"]
[Round "6.23"]
[White "Strazhnyk, Viktoriia"]
[Black "Pucholt, Martin"]
[Result "1-0"]
[WhiteElo "1609"]
[BlackElo "1752"]
[PlyCount "79"]
[EventDate "2024.06.29"]
[EventType "swiss"]
[EventRounds "9"]
[EventCountry "CZE"]

1. e4 c5 2. Nf3 Nc6 3. d4 cxd4 4. Nxd4 Qc7 5. Nc3 Nf6 6. f3 e6 7. Be3 a6 8. Qd2 Bc5 9. Ndb5 axb5 10. Bxc5 b6 11. Nxb5 Qb8 12. Bd6 Qb7 13. Nc7+ Kd8 14. Nxa8 Qxa8 15. e5 Nd5 16. Qg5+ f6 17. Qxg7 Re8 18. Qh6 Qa5+ 19. Qd2 Qxd2+ 20. Kxd2 fxe5 21. Bb5 Nd4 22. Bc4 Rg8 23. Rhg1 Rg5 24. Bxd5 exd5 25. f4 exf4 26. Bxf4 Rg6 27. h4 Ba6 28. h5 Rc6 29. c3 Ne6 30. Be3 Rd6 31. Bd4 Ng5 32. Rae1 Ne4+ 33. Kc1 Re6 34. g4 h6 35. Bg7 Rc6 36. g5 Nxg5 37. Re3 b5 38. Rxg5 hxg5 39. h6 Rg6 40. h7 1-0

[Event "30th Klatovy B 2024"]
[Site "Klatovy CZE"]
[Date "2024.07.04"]
[Round "6.24"]
[White "Kvaca, Frantisek"]
[Black "Studnicka, Ondrej"]
[Result "1/2-1/2"]
[WhiteElo "1558"]
[BlackElo "1748"]
[PlyCount "59"]
[EventDate "2024.06.29"]
[EventType "swiss"]
[EventRounds "9"]
[EventCountry "CZE"]

1. d4 d5 2. Nf3 Nf6 3. Bf4 e6 4. e3 c5 5. c3 Nc6 6. Ne5 Nxe5 7. Bxe5 a6 8. Nd2 Bd6 9. Nf3 O-O 10. Bd3 c4 11. Bc2 b5 12. Qb1 h6 13. a3 Bb7 14. O-O Qe7 15. Bxf6 Qxf6 16. e4 dxe4 17. Bxe4 Bxe4 18. Qxe4 Rfe8 19. Rae1 Qe7 20. Ne5 Rac8 21. f4 f5 22. Qf3 a5 23. Nc6 Qc7 24. Ne5 b4 25. axb4 axb4 26. Re3 Bxe5 27. Rxe5 Qc6 28. Qh5 Qd7 29. Rfe1 Qb7 30. Qh3 1/2-1/2

[Event "30th Klatovy B 2024"]
[Site "Klatovy CZE"]
[Date "2024.07.04"]
[Round "6.25"]
[White "Vavrinkova, Jitka"]
[Black "Koukola, Stepan"]
[Result "0-1"]
[WhiteElo "1707"]
[BlackElo "1470"]
[PlyCount "104"]
[EventDate "2024.06.29"]
[EventType "swiss"]
[EventRounds "9"]
[EventCountry "CZE"]

1. e4 e6 2. d4 d5 3. exd5 exd5 4. Bd3 Nf6 5. Nf3 Be7 6. O-O O-O 7. Bf4 Nbd7 8. Nbd2 Re8 9. Re1 c6 10. c3 Bf8 11. Qc2 g6 12. Rxe8 Qxe8 13. Re1 Qd8 14. Bg5 Bg7 15. Ne5 Qc7 16. Ndf3 Nxe5 17. Nxe5 Ng4 18. Bf4 Nxe5 19. Bxe5 Qa5 20. b4 Qb6 21. Bxg7 Kxg7 22. Re8 Qc7 23. Qd2 Rb8 24. Qe3 Be6 25. Rxb8 Qxb8 26. Qe5+ Qxe5 27. dxe5 d4 28. c4 b6 29. Kf1 c5 30. a3 Kf8 31. Ke2 Ke7 32. f4 Bg4+ 33. Kd2 Ke6 34. Be4 f6 35. h3 Bf5 36. Bd5+ Ke7 37. exf6+ Kxf6 38. Bf3 g5 39. g4 Be6 40. fxg5+ Kxg5 41. Be2 Kh4 42. Bf1 Kg3 43. bxc5 bxc5 44. Kd3 Kf3 45. Kd2 Bd7 46. Be2+ Kg3 47. Bf1 Bc6 48. g5 Be4 49. Kd1 Kh4 50. Kd2 Kxg5 51. Kd1 Kf4 52. Be2 Bf3 0-1

[Event "30th Klatovy B 2024"]
[Site "Klatovy CZE"]
[Date "2024.07.04"]
[Round "6.26"]
[White "Zelenka, Tomas"]
[Black "Jelinek, Jan"]
[Result "0-1"]
[WhiteElo "1575"]
[BlackElo "1662"]
[PlyCount "72"]
[EventDate "2024.06.29"]
[EventType "swiss"]
[EventRounds "9"]
[EventCountry "CZE"]

1. e4 c5 2. Nf3 e6 3. d4 d5 4. Nc3 Nf6 5. Bg5 dxe4 6. Nxe4 Be7 7. Bxf6 Bxf6 8. Nxc5 O-O 9. Bd3 Nc6 10. c3 e5 11. Nb3 Bg4 12. d5 Bxf3 13. Qxf3 e4 14. Bxe4 Ne5 15. Qh3 g6 16. O-O Bg7 17. f4 Nc4 18. f5 Qb6+ 19. Kh1 Rae8 20. fxg6 fxg6 21. Rxf8+ Bxf8 22. Qf3 Ne5 23. Qf4 Bg7 24. h3 a5 25. d6 Rf8 26. Qd2 Kh8 27. Qd5 a4 28. Nd4 Qxb2 29. Rb1 Qxc3 30. Ne6 Rf7 31. Rxb7 Rf1+ 32. Kh2 Ng4+ 33. hxg4 Be5+ 34. Qxe5+ Qxe5+ 35. g3 Rf2+ 36. Kg1 Qxg3+ 0-1

[Event "30th Klatovy B 2024"]
[Site "Klatovy CZE"]
[Date "2024.07.04"]
[Round "6.28"]
[White "Chmelova, Klara"]
[Black "Zbanek, Jan"]
[Result "0-1"]
[WhiteElo "1457"]
[BlackElo "1775"]
[PlyCount "80"]
[EventDate "2024.06.29"]
[EventType "swiss"]
[EventRounds "9"]
[EventCountry "CZE"]

1. e4 Nf6 2. Nc3 d5 3. exd5 Nxd5 4. d4 Nxc3 5. bxc3 e6 6. Nf3 c5 7. Be3 cxd4 8. cxd4 Bb4+ 9. Bd2 Qa5 10. Bd3 Nc6 11. O-O Bxd2 12. Nxd2 Nxd4 13. Nc4 Qd8 14. Re1 Nc6 15. Be4 Qxd1 16. Raxd1 Ke7 17. f4 Rd8 18. Rxd8 Nxd8 19. Kf2 Bd7 20. f5 Rc8 21. fxe6 Bxe6 22. Na5 b6 23. Nb3 Nc6 24. Bxc6 Rxc6 25. Nd4 Rc5 26. Kf3 Kd6 27. Nxe6 fxe6 28. Rd1+ Ke7 29. Rd2 Rc3+ 30. Ke4 b5 31. g4 Ra3 32. c4 Ra4 33. Kd3 Rxc4 34. Rb2 a6 35. h3 Ra4 36. Kc3 Ra3+ 37. Kb4 Rxh3 38. Ka5 Ra3+ 39. Kb4 Ra4+ 40. Kb3 Rxg4 0-1

[Event "30th Klatovy B 2024"]
[Site "Klatovy CZE"]
[Date "2024.07.04"]
[Round "6.29"]
[White "Tejnor, Martin"]
[Black "Pasek, Tomas"]
[Result "1-0"]
[WhiteElo "1732"]
[BlackElo "1459"]
[PlyCount "37"]
[EventDate "2024.06.29"]
[EventType "swiss"]
[EventRounds "9"]
[EventCountry "CZE"]

1. e4 e6 2. d4 d5 3. Nd2 c5 4. exd5 exd5 5. dxc5 Bxc5 6. Bb5+ Bd7 7. Bxd7+ Nxd7 8. Nb3 Qe7+ 9. Qe2 Qxe2+ 10. Nxe2 Bb6 11. O-O Ngf6 12. Bg5 O-O 13. Rad1 h6 14. Bh4 Rac8 15. Nc3 g5 16. Bg3 Rfe8 17. Rd2 Ne4 18. Nxe4 dxe4 19. Rxd7 1-0

[Event "30th Klatovy B 2024"]
[Site "Klatovy CZE"]
[Date "2024.07.04"]
[Round "6.30"]
[White "Tereshonkov, Stanislav"]
[Black "Tykalova, Barbora 2015"]
[Result "0-1"]
[WhiteElo "1413"]
[BlackElo "1594"]
[PlyCount "60"]
[EventDate "2024.06.29"]
[EventType "swiss"]
[EventRounds "9"]
[EventCountry "CZE"]

1. e4 e5 2. Nf3 d5 3. exd5 e4 4. Nd4 Qxd5 5. c3 Bc5 6. d3 Bxd4 7. cxd4 Qxd4 8. Qe2 Nf6 9. Nc3 Qxd3 10. Qxd3 exd3 11. Bxd3 a6 12. Bf4 c6 13. O-O O-O 14. Rfe1 Be6 15. h3 Nbd7 16. b4 Nb6 17. Bc2 Nbd5 18. Nxd5 Nxd5 19. Bd6 Rfd8 20. Bc5 b6 21. Be3 Nxb4 22. Be4 f5 23. Bf3 Nc2 24. Bxb6 Nxe1 25. Bxd8 Nxf3+ 26. gxf3 Rxd8 27. Re1 Bxa2 28. Kg2 Rd3 29. f4 Bd5+ 30. Kh2 Rf3 0-1

[Event "30th Klatovy B 2024"]
[Site "Klatovy CZE"]
[Date "2024.07.04"]
[Round "6.32"]
[White "Strihavka, Petr"]
[Black "Jarosik, Karel"]
[Result "1-0"]
[WhiteElo "1518"]
[BlackElo "1456"]
[PlyCount "29"]
[EventDate "2024.06.29"]
[EventType "swiss"]
[EventRounds "9"]
[EventCountry "CZE"]

1. e4 e5 2. Nf3 Nc6 3. Nc3 Nf6 4. d4 exd4 5. Nxd4 Bc5 6. Be3 Nxd4 7. Bxd4 b6 8. Bxc5 bxc5 9. e5 Qe7 10. Qe2 Ng8 11. Nd5 Qd8 12. Qg4 g6 13. Qf4 Bb7 14. e6 Bxd5 15. Qxf7# 1-0

[Event "30th Klatovy B 2024"]
[Site "Klatovy CZE"]
[Date "2024.07.04"]
[Round "6.34"]
[White "Dobsinsky, Petr"]
[Black "Stepnicka, Filip"]
[Result "1/2-1/2"]
[WhiteElo "1504"]
[BlackElo "1434"]
[PlyCount "50"]
[EventDate "2024.06.29"]
[EventType "swiss"]
[EventRounds "9"]
[EventCountry "CZE"]

1. d4 Nf6 2. Nf3 e6 3. e3 c5 4. dxc5 Bxc5 5. Bd3 b6 6. Nbd2 Bb7 7. O-O Be7 8. Re1 O-O 9. e4 d6 10. b3 Nbd7 11. Bb2 Qc7 12. e5 dxe5 13. Nxe5 Nxe5 14. Bxe5 Qc6 15. Nf3 Rac8 16. Bxf6 Bxf6 17. Be4 Qc7 18. Bxb7 Qxb7 19. Rb1 Qc6 20. c4 Rfd8 21. Qe2 Rc7 22. Red1 Rdc8 23. Qd3 h6 24. Nd4 Bxd4 25. Qxd4 Kh8 1/2-1/2